[Event "Parsvnath ch-Commonwealth"]
[Site "New Delhi IND"]
[Date "2007.12.03"]
[Round "1"]
[White "Sathya,Pri"]
[Black "Saurabh,K"]
[Result "0-1"]
[WhiteElo "1888"]
[BlackElo "2291"]

1.d4 Nf6 2.c4 Nc6 3.Nc3 e5 4.d5 Ne7 5.e4 Ng6 6.a3 Bc5 7.Bd3 d6 8.Nf3 a6 9.h3 O-O
10.O-O Nh5 11.Kh1 Nhf4 12.Kh2 Nxd3 13.Qxd3 Nf4 14.Bxf4 exf4 15.Qd2 Qf6 16.e5 Qh6
17.b4 Ba7 18.exd6 cxd6 19.Rae1 Bg4 20.Nd4 Rac8 21.Qd3 f3 22.Nxf3 Qf4+ 23.Kg1 Bf5
24.Ne4 Rfe8 25.Nfd2 Re7 26.Qg3 Qxg3 27.Nxg3 Rxe1 28.Rxe1 Bd7 29.Re7 Rd8 30.Re1 f5
31.Rc1 Re8 32.Kf1 Kf7 33.Re1 Rc8 34.Ke2 b5 35.Rc1 Kg6 36.f3 Re8+ 37.Kd1 Bf2
38.Ne2 Kf6 39.cxb5 Bxb5 40.Nc4 Rc8 41.Nxd6 Bxe2+ 42.Kxe2 Rxc1 43.Kxf2 Ke5
44.Nb7 Kxd5 45.g3 Rc2+ 46.Ke3 Rc3+ 47.Kf4 Rxa3 48.g4 Rb3 49.gxf5 Rxb4+ 50.Kg5 Rxb7  0-1

[Event "Parsvnath ch-Commonwealth"]
[Site "New Delhi IND"]
[Date "2007.12.03"]
[Round "1"]
[White "Eswar,R"]
[Black "Akshat,K"]
[Result "0-1"]
[WhiteElo "1963"]
[BlackElo "2355"]

1.d4 Nf6 2.c4 Nc6 3.Nf3 e6 4.a3 d6 5.Nc3 g6 6.g3 Bg7 7.Bg2 O-O 8.O-O Bd7
9.e4 e5 10.d5 Ne7 11.Ne1 Ne8 12.f4 f5 13.Nd3 exf4 14.Bxf4 h6 15.Qe2 g5 16.Bd2 Nf6
17.Rae1 fxe4 18.Nxe4 Nf5 19.Nxf6+ Qxf6 20.Bc3 Qg6 21.Bxg7 Qxg7 22.Kh1 Rae8
23.Qh5 a6 24.Rxe8 Bxe8 25.Qe2 Bg6 26.Qe6+ Kh7 27.Qe2 Re8 28.Qd2 Qd4 29.Qc3 Qxc3
30.bxc3 Ne3  0-1

[Event "Parsvnath ch-Commonwealth"]
[Site "New Delhi IND"]
[Date "2007.12.06"]
[Round "6"]
[White "Prakash,G"]
[Black "Priya,P"]
[Result "1/2-1/2"]
[WhiteElo "2343"]
[BlackElo "2129"]

1.d4 Nf6 2.c4 Nc6 3.Nf3 e6 4.a3 d6 5.Nc3 g6 6.e4 Bg7 7.Be2 O-O 8.O-O Re8
9.Be3 e5 10.dxe5 dxe5 11.Qxd8 Nxd8 12.Rfd1 Bg4 13.Nd2 Bxe2 14.Nxe2 Ng4 15.Nb3 Nxe3
16.fxe3 Ne6 17.Nc3 a5 18.a4 b6 19.Rd7 Rad8 20.Rad1 Bf8 21.Nb5 Rxd7 22.Rxd7 Re7
23.Rd1 c6 24.Nc3 Re8 25.Kf1 Rd8 26.Rxd8 Nxd8 27.Ke2  1/2-1/2

[Event "Parsvnath ch-Commonwealth"]
[Site "New Delhi IND"]
[Date "2007.12.06"]
[Round "6"]
[White "Anuruddha,G"]
[Black "Vidit,S"]
[Result "0-1"]
[WhiteElo "2167"]
[BlackElo "2315"]

1.d4 Nf6 2.c4 Nc6 3.Nf3 e6 4.Nc3 Bb4 5.e3 d6 6.Qc2 O-O 7.Bd3 e5 8.d5 Ne7
9.O-O Bxc3 10.bxc3 b6 11.Nd2 Ng6 12.Ba3 Re8 13.Rae1 Bd7 14.f3 Qe7 15.Qb3 Nh5
16.g4 Nf6 17.Rf2 Nh4 18.Kh1 e4 19.Bxe4 Nxe4 20.fxe4 Bxg4 21.Rg1 Bh5 22.c5 bxc5
23.c4 Rab8 24.Qc2 Ng6 25.Rf5 Qh4 26.Rfg5 f6 27.R5g3 Re7 28.Qd3 Ne5 29.Qf1 Bg6
30.Qf4 Qxf4 31.exf4 Nxc4 32.f5 Nxd2 33.fxg6 Nxe4 34.gxh7+ Kxh7 35.R3g2 g5
36.h4 Kg6 37.hxg5 Rh7+ 38.Rh2 Rxh2+ 39.Kxh2 fxg5 40.Re1 Nf6  0-1

[Event "Parsvnath ch-Commonwealth"]
[Site "New Delhi IND"]
[Date "2007.12.10"]
[Round "10"]
[White "Rawat,R"]
[Black "Priyadharshan,K"]
[Result "0-1"]
[WhiteElo "2004"]
[BlackElo "2298"]

1.d4 Nf6 2.c4 Nc6 3.Nf3 e6 4.Nc3 Bb4 5.e3 d6 6.Bd3 e5 7.d5 Bxc3+ 8.bxc3 Ne7
9.e4 Ng6 10.a4 a5 11.h3 O-O 12.Be3 Nd7 13.O-O b6 14.Bg5 Qe8 15.Be3 Nc5 16.Bc2 Ba6
17.Nd2 Qe7 18.Qh5 Rae8 19.Bg5 Qd7 20.Bd1 f5 21.exf5 Qxf5 22.Be3 Qxh5 23.Bxh5 Nd7
24.g3 Nf6 25.Be2 Nxd5 26.cxd5 Bxe2 27.Rfe1 Ba6 28.f3 Ne7 29.c4 h6 30.Kg2 Rf7
31.Ra3 Kh7 32.h4 Ng8 33.Rc3 Nf6 34.Ne4 Bc8 35.Nxf6+ gxf6 36.Kf2 Bd7 37.Ra3 Rfe7
38.Bd2 f5 39.Bc1 Kg6 40.Bd2 e4 41.f4 e3+ 42.Raxe3 Rxe3 43.Rxe3 Re4 44.Rxe4 fxe4
45.Ke3 Kf5 46.Bc3 h5 47.Bg7 Bxa4 48.Bf8 Bb3 49.g4+ hxg4 50.h5 Bxc4 51.h6 Kg6
52.f5+ Kh7 53.Kxe4 g3 54.Kf3 Bxd5+ 55.Kxg3 a4 56.Kf2 a3 57.Ke3 b5 58.Kd2 a2
59.Bg7 Be4 60.Kc1 Bxf5 61.Kb2 Be6 62.Bf8 Bc4 63.Ka1 Kg8 64.Be7 Kh7 65.Bf8 d5
66.Bg7 d4 67.Bxd4 Kxh6 68.Be5 c6 69.Bd4 Kg5 70.Bg7 Kf5 71.Bb2 Ke4 72.Bf6 Kd3
73.Bg7 Bb3 74.Kb2 Bd5 75.Bf8 Bc4 76.Ka1 Kd4 77.Bg7+ Kd5 78.Bf8 c5 79.Bg7 b4
80.Bh8 Kc6 81.Bg7 Kb5 82.Bf6 Bb3 83.Bg7 Bd5 84.Bf6 Ka4 85.Be7 Kb5 86.Bf6 Ka4
87.Be7 c4 88.Bf6 Kb3 89.Bg7 Bc6 90.Bf6 Be4 91.Bg7 c3 92.Bf8 Bf5 93.Be7 Kc4
94.Bf6 Kd3 95.Bg7 Kc2 96.Bf6 Kd1 97.Bg5 b3 98.Bc1 Kc2  0-1

[Event "Parsvnath ch-Commonwealth"]
[Site "New Delhi IND"]
[Date "2007.12.10"]
[Round "10"]
[White "Swayams,M"]
[Black "Vidit,S"]
[Result "1/2-1/2"]
[WhiteElo "2187"]
[BlackElo "2315"]

1.d4 Nf6 2.c4 Nc6 3.Nf3 e6 4.Nc3 Bb4 5.Qc2 d6 6.a3 Bxc3+ 7.Qxc3 a5 8.b3 O-O
9.Bb2 Re8 10.Rd1 Qe7 11.g3 e5 12.d5 Nb8 13.Bg2 c6 14.Nd2 cxd5 15.cxd5 b5
16.O-O Bb7 17.e4 Nbd7 18.Rc1 Nc5 19.f4 b4 20.Qf3 Ba6 21.fxe5 dxe5 22.Nc4 Ncxe4
23.Rfe1 Bxc4 24.bxc4 Qc5+ 25.Qe3 Ng4 26.Qxc5 Nxc5 27.Rcd1 Nd7 28.Rc1 Nc5
29.Rcd1 Nd7 30.Rc1 Rac8 31.Bh3 h5 32.Bf1 f5 33.Ra1 b3 34.a4 e4 35.Ra3 Nge5
36.Bxe5 Nxe5 37.Rxb3 Nxc4 38.Be2 Nd6 39.Rb6 Rcd8 40.Ra6 g6 41.Rb1 Kf7 42.Rbb6 Ke7
43.Rxa5 Ra8 44.Rc5 Rec8 45.Rxc8 Rxc8 46.a5 Rc3 47.a6 Ra3 48.Rb8 Kf6 49.Rg8 g5  1/2-1/2

[Event "XX Carlos Torre Magistral"]
[Site "Merida MEX"]
[Date "2007.12.18"]
[Round "6"]
[White "Huerta,Da"]
[Black "Colli Lopez,S"]
[Result "1-0"]
[WhiteElo "2338"]
[BlackElo "2062"]

1.d4 Nf6 2.c4 Nc6 3.Nc3 e6 4.a3 d5 5.e3 Be7 6.Nf3 O-O 7.Bd3 b6 8.O-O Bb7
9.b4 a5 10.cxd5 exd5 11.b5 Na7 12.Ne5 c5 13.bxc6 Nxc6 14.Bb2 Nxe5 15.dxe5 Ne4
16.Nb5 Nc5 17.Be2 Ba6 18.Nd4 Bxe2 19.Qxe2 Qd7 20.Rad1 Rfd8 21.Qf3 g6 22.Ne2 Ne4
23.Nf4 Qb5 24.Nxd5 Rxd5 25.Qxe4 Rad8 26.Rb1 Qe2 27.g3 b5 28.Kg2 Qd3 29.Qf4 Bxa3
30.e4 Bxb2 31.exd5 Qxd5+ 32.Qf3 Bxe5 33.Rfd1 Qxf3+ 34.Kxf3 Rxd1 35.Rxd1 b4
36.Rd5 Bc3 37.Rxa5 b3 38.Rb5 b2 39.g4 Kg7 40.Ke4 h6 41.f4 Bf6 42.h4 Bc3 43.Kd3 Be1
44.h5 Bg3 45.Ke4 Be1 46.Rxb2 Bc3 47.Rb3 Ba1 48.hxg6 fxg6 49.Rb7+ Kf8 50.f5 gxf5+
51.gxf5 Bc3 52.Kd5 Kg8 53.Ke6 Be1 54.f6 Bg3 55.Rg7+  1-0

[Event "Abierto"]
[Site "Pamplona ESP"]
[Date "2007.12.23"]
[Round "2"]
[White "Lafuente,P"]
[Black "Leranoz Zabalza,A"]
[Result "1-0"]
[WhiteElo "2489"]
[BlackElo "2071"]

1.d4 Nf6 2.c4 Nc6 3.Nf3 e6 4.a3 d6 5.Nc3 g6 6.e4 Bg7 7.Be2 O-O 8.O-O Qe7
9.Re1 e5 10.d5 Nb8 11.Be3 a5 12.Nd2 Na6 13.b4 Ne8 14.Nb3 f5 15.Nxa5 f4 16.Bd2 Qh4
17.Rf1 Nf6 18.f3 Nh5 19.Bd3 Qe7 20.Nb3 g5 21.Be1 Rf6 22.c5 Rh6 23.cxd6 cxd6
24.Rc1 Nf6 25.Na4 Bd7 26.Nb6 Rf8 27.Nxd7 Qxd7 28.h3 Nh5 29.Qc2 Bf6 30.Bxa6 bxa6
31.Qc6 Qg7 32.Qxa6 Ng3 33.Bxg3 fxg3 34.Nd2 g4 35.fxg4 Bg5 36.Rxf8+ Qxf8 37.Rc8 Bd8
38.Nf3 Rf6 39.Qa8  1-0

[Event "Harmonie Open A"]
[Site "Groningen NED"]
[Date "2007.12.29"]
[Round "8"]
[White "Li Shilong"]
[Black "Ernst,S"]
[Result "1/2-1/2"]
[WhiteElo "2509"]
[BlackElo "2539"]

1.d4 Nf6 2.c4 Nc6 3.Nc3 e5 4.d5 Ne7 5.g3 Ng6 6.Bg2 Bc5 7.Na4 Bb4+ 8.Bd2 Bxd2+
9.Qxd2 d6 10.e4 O-O 11.Ne2 Bg4 12.Nac3 a5 13.b3 Qb8 14.O-O Re8 15.a3 c6 16.h3 Bd7
17.Qe3 cxd5 18.Nxd5 Nxd5 19.cxd5 Rc8 20.Rfc1 Ne7 21.Kh2 Kf8 22.f4 f6 23.fxe5 dxe5
24.Rxc8+ Nxc8  1/2-1/2

[Event "XVIII Cracovia"]
[Site "Krakow POL"]
[Date "2007.12.31"]
[Round "6"]
[White "Kveinys,A"]
[Black "Jakubiec,A"]
[Result "1/2-1/2"]
[WhiteElo "2517"]
[BlackElo "2524"]

1.d4 Nf6 2.c4 Nc6 3.Nf3 d6 4.g3 e5 5.Nc3 exd4 6.Nxd4 g6 7.Bg2 Bd7 8.Nxc6 Bxc6
9.Bxc6+ bxc6 10.Bg5 Bg7 11.Qd2 Qe7 12.O-O O-O 13.Rad1 Qe6  1/2-1/2

[Event "Petrovskaya Ladya GM"]
[Site "Peterhof RUS"]
[Date "2008.01.05"]
[Round "4"]
[White "Malinin,V"]
[Black "Khruschiov,A"]
[Result "0-1"]
[WhiteElo "2346"]
[BlackElo "2504"]

1.d4 Nf6 2.c4 Nc6 3.d5 Ne5 4.Qd4 d6 5.e4 c5 6.Qe3 e6 7.f4 Ned7 8.Nf3 exd5
9.cxd5 g6 10.Nc3 Bg7 11.Bd3 O-O 12.O-O Re8 13.Bd2 a6 14.a4 Rb8 15.Rae1 Qc7
16.Qf2 c4 17.Bb1 b5 18.axb5 axb5 19.Qh4 b4 20.Nd1 Ba6 21.Rf2 h6 22.g4 Nc5
23.e5 Nxd5 24.f5 g5 25.Bxg5 hxg5 26.Nxg5 Rxe5 27.Rxe5 dxe5 28.f6 Nxf6 29.Ne3 Rb6
30.Nf5 Nd3 31.Rf3 Bb7 32.Rh3 Nf4 33.Nxg7 Qc5+ 34.Kf1 Nxh3  0-1

[Event "5th TCh-Asia w"]
[Site "Visakhpatnam IND"]
[Date "2008.01.05"]
[Round "3"]
[White "Mohota,N"]
[Black "Soumya,Sw"]
[Result "1-0"]
[WhiteElo "2409"]
[BlackElo "2315"]

1.d4 Nf6 2.c4 Nc6 3.Nf3 e6 4.Nc3 Bb4 5.Qc2 d6 6.Bd2 O-O 7.a3 Bxc3 8.Bxc3 Qe7
9.b4 e5 10.dxe5 Nxe5 11.Nxe5 dxe5 12.e3 Bg4 13.f3 Bh5 14.Be2 e4 15.f4 Ng4
16.Bd4 b6 17.c5 f5 18.O-O Qh4 19.Bxg4 Qxg4 20.Rf2 b5 21.c6 Bf7 22.Be5 Bc4
23.Rd2 Qg6 24.Bxc7 Qxc6 25.Be5 Rfd8 26.Rad1 Qb6 27.Qc3 Rd3 28.Rxd3 exd3 29.Bd4 Qe6
30.Qe1 Qe4 31.Qg3 g6 32.Qg5 Bd5 33.h4 Re8 34.Rxd3 Re6 35.Rd2 Qb1+ 36.Kh2 Qc1
37.Qd8+ Kf7 38.Qd7+ Kf8 39.Bc5+  1-0

[Event "6th Parsvnath Open"]
[Site "New Delhi IND"]
[Date "2008.01.13"]
[Round "2"]
[White "Surbir,L"]
[Black "Roktim,B"]
[Result "1/2-1/2"]
[WhiteElo "2091"]
[BlackElo "2373"]

1.d4 Nf6 2.c4 Nc6 3.Nf3 e6 4.g3 Bb4+ 5.Bd2 Qe7 6.Qb3 a5 7.Bg2 O-O 8.O-O Bxd2
9.Nbxd2 d6 10.e4 e5 11.d5 Nb4 12.h3 c6 13.Rfc1 Na6 14.Ne1 Nc5 15.Qe3 g6 16.b3 Nh5
17.a3 cxd5 18.exd5 Ng7 19.b4 Nf5 20.Qe2 Nd4 21.Qd1 axb4 22.axb4 Rxa1 23.Rxa1 Na6
24.Nd3 Bf5 25.Ne4 Bxe4 26.Bxe4 f5 27.Bg2 e4 28.Nf4 Qe5 29.Rb1 Rc8 30.Qa4 Qe8
31.Qa2 Qe5 32.Qa1 Qe8 33.Qa2 Qe5 34.Qa1  1/2-1/2

[Event "6th Parsvnath Open"]
[Site "New Delhi IND"]
[Date "2008.01.14"]
[Round "3"]
[White "Kunte,A"]
[Black "Priyadharshan,K"]
[Result "1-0"]
[WhiteElo "2550"]
[BlackElo "2297"]

1.d4 Nf6 2.c4 Nc6 3.Nf3 e6 4.g3 Bb4+ 5.Bd2 Qe7 6.Nc3 d6 7.Bg2 O-O 8.O-O Bxc3
9.Bxc3 Ne4 10.Be1 a5 11.d5 Nb8 12.Nd4 Nc5 13.dxe6 fxe6 14.Nb3 Nxb3 15.axb3 Nc6
16.b4 Ne5 17.Qc2 a4 18.b5 Rd8 19.Rxa4 Rxa4 20.Qxa4 d5 21.cxd5 exd5 22.Qd4 c6
23.Bb4 Qf6 24.Bc3 Re8 25.h3 Nd7 26.bxc6 bxc6 27.e3 Qxd4 28.Bxd4 Bb7 29.Rc1 Nf8
30.f4 Ne6 31.Be5 g6 32.Ra1 Ra8 33.Rxa8+ Bxa8 34.e4 Nc5 35.exd5 cxd5 36.Kf2 Kf7
37.Bd4 Ne4+ 38.Kf3 Bc6 39.g4 Ke6 40.Ke3 Nd6 41.b3 h5 42.Bf3 hxg4 43.hxg4 Ne4
44.Be2 Kd6 45.b4 Bd7 46.Be5+ Kc6 47.Kd4 Ng3 48.Bd1 Kb5 49.f5 Ne4 50.fxg6 Be6
51.Bb3 Bxg4 52.g7 Be6 53.Bxd5 Ng5 54.Bxe6 Nxe6+ 55.Kc3  1-0

[Event "10th TCh-Euro sen"]
[Site "Dresden GER"]
[Date "2008.02.13"]
[Round "3"]
[White "Aaltio,E"]
[Black "Barlocco,C"]
[Result "0-1"]
[WhiteElo "2111"]
[BlackElo "2124"]

1.d4 Nf6 2.c4 Nc6 3.Nf3 e6 4.Nc3 Bb4 5.Qc2 O-O 6.Bg5 h6 7.Bd2 d6 8.a3 Bxc3
9.Bxc3 Qe7 10.e3 e5 11.Be2 Bg4 12.O-O e4 13.Ne1 Bf5 14.b4 Rfe8 15.Qb2 d5
16.Bd2 dxc4 17.Bxc4 Qd6 18.f4 exf3 19.Nxf3 Ne4 20.Be1 Be6 21.Qc2 Bd5 22.Rc1 a6
23.Qb3 Ne7 24.Nd2 Nxd2 25.Bxd2 Bxc4 26.Qxc4 Nd5 27.Rf3 Re7 28.Rcf1 Rae8 29.Qd3 b5
30.Qb3 Qe6 31.a4 Nf6 32.Qxe6 Rxe6 33.axb5 axb5 34.Rc1 Ne4 35.Be1 c6 36.Bf2 Ra8
37.Be1 Ra2 38.h4 Rg6 39.Bf2 Rb2 40.d5 Nd2 41.Rf5 cxd5 42.Rxd5 Ne4 43.Rf5 Nxf2
44.Rxf2 Rxf2 45.Kxf2 Rg4 46.Rb1 Rxh4 47.Kf3 Rc4 48.e4 g5 49.Ke3 Kg7 50.Rb2 Kf6
51.Kd3 Ke5 52.Rf2 Rxe4 53.Rxf7 Rxb4 54.Rh7 Rh4 55.Ke3 Kd6  0-1

[Event "2nd Int Open Congress"]
[Site "Brentwood ENG"]
[Date "2008.02.17"]
[Round "4"]
[White "Thilaganathan,J"]
[Black "Gregory,S"]
[Result "0-1"]
[WhiteElo "1935"]
[BlackElo "2161"]

1.d4 Nf6 2.c4 Nc6 3.Nf3 d6 4.Nc3 e5 5.d5 Ne7 6.e4 Ng6 7.g3 Be7 8.Bg2 O-O
9.O-O c6 10.Ne1 cxd5 11.cxd5 Bd7 12.Nd3 b5 13.a3 Qc8 14.f4 exf4 15.Bxf4 Nxf4
16.gxf4 Ng4 17.Qd2 Bf6 18.Ne2 Qd8 19.Rf3 Re8 20.h3 Qb6+ 21.Kh1 Nh6 22.Ng3 Rac8
23.Re1 Bh4 24.Re2 Qd4 25.Qe3 Qxe3 26.Rexe3 Rc2 27.Ne2 Nf5 28.exf5 Rxe2 29.Rxe8+ Rxe8
30.f6 Bf5 31.Kg1 Bxf6 32.b3 Re2 33.Kf1 Rd2 34.Nb4 g6 35.Re3 Bb2 36.Nc6 Bxa3
37.Nxa7 Bc5 38.Re8+ Kg7  0-1

[Event "10th TCh-Euro sen"]
[Site "Dresden GER"]
[Date "2008.02.17"]
[Round "7"]
[White "Gerusel,M"]
[Black "Jongsma,L"]
[Result "1/2-1/2"]
[WhiteElo "2293"]
[BlackElo "2192"]

1.d4 Nf6 2.c4 Nc6 3.Nf3 d6 4.Nc3 e5 5.d5 Ne7 6.e4 Ng6 7.g3 Be7 8.h4 h6 9.Nh2 c6
10.Be3 a6 11.a3 cxd5 12.cxd5 b5 13.Be2 O-O 14.Nf1 Rb8 15.b4 Bd7 16.Rc1 Qe8
17.f3 Bd8 18.Bf2 Bb6 19.Ne3 Nh5 20.Rg1 Qe7 21.Bd3 Bd4 22.Ne2 Bb6 23.Nf5 Bxf2+
24.Kxf2 Bxf5 25.exf5 Qa7+ 26.Kg2 Ne7 27.Be4 Nf6 28.Qd3 Rfc8 29.g4 Rxc1 30.Rxc1 Rc8
31.Rxc8+ Nxc8  1/2-1/2

[Event "Aeroflot Open"]
[Site "Moscow RUS"]
[Date "2008.02.17"]
[Round "4"]
[White "Dyachkov,S"]
[Black "Chuprov,D"]
[Result "1-0"]
[WhiteElo "2559"]
[BlackElo "2596"]

1.d4 Nf6 2.c4 Nc6 3.Nf3 e6 4.Nc3 Bb4 5.e3 Bxc3+ 6.bxc3 d6 7.Bd3 e5 8.Nd2 O-O
9.O-O Qe7 10.Rb1 b6 11.Qc2 Re8 12.Ne4 h6 13.f4 exd4 14.Nxf6+ Qxf6 15.cxd4 Bd7
16.d5 Na5 17.Bb2 Qe7 18.e4 f6 19.Rbe1 Rf8 20.Rf3 Nb7 21.Qf2 Nc5 22.Bb1 Rae8
23.Rfe3 Qf7 24.Qg3 g5 25.Rf3 Qh5 26.fxg5 hxg5 27.Rxf6 Rxf6 28.Bxf6 g4 29.Qf4 Bc8
30.e5 dxe5 31.Rxe5 Rxe5 32.Bxe5 Nd7 33.Bc3 Nf8 34.Qf6  1-0

[Event "79th ch-GER"]
[Site "Bad Woerishofen GER"]
[Date "2008.02.19"]
[Round "5"]
[White "Jorczik,J"]
[Black "Hausrath,D"]
[Result "0-1"]
[WhiteElo "2286"]
[BlackElo "2507"]

1.d4 Nf6 2.c4 Nc6 3.Nf3 e6 4.a3 g6 5.Nc3 d6 6.e4 Bg7 7.Be2 O-O 8.O-O Re8
9.b4 e5 10.dxe5 Nxe5 11.Nd4 Nc6 12.Nxc6 bxc6 13.Bf3 Ng4 14.Bxg4 Bxc3 15.Ra2 a5
16.b5 c5 17.Bxc8 Qxc8 18.Qd3 Be5 19.a4 Qe6 20.Re2 Bd4 21.Rfe1 Qf6 22.Bd2 Re6
23.Kh1 Bxf2 24.Rf1 Qd4 25.Qf3 Rf6 26.Bc3 Rxf3 27.Bxd4 cxd4 28.gxf3 Be3 29.Rd1 Re8
30.Kg2 Re5 31.Rc2 f5 32.exf5 Rxf5 33.h4 Rc5 34.Ra2 Rxc4 35.Kf1 Kf7 36.Ke2 Ke6
37.Rb1 Rc3 38.Rab2 Kd5 39.b6 cxb6 40.Rxb6 Rc2+ 41.Kd1 d3 42.R6b2 Rc4 43.Rb5+ Kd4
44.R5b3 d5 45.Ke1 Rc1+ 46.Rxc1 d2+  0-1

[Event "60th ch-POL w"]
[Site "Krakow POL"]
[Date "2008.02.22"]
[Round "9"]
[White "Czarnota,D"]
[Black "Majdan,J"]
[Result "0-1"]
[WhiteElo "2214"]
[BlackElo "2293"]

1.d4 Nf6 2.c4 Nc6 3.d5 Ne5 4.Qd4 d6 5.f4 c5 6.Qd1 Ng6 7.Nc3 e5 8.dxe6 Bxe6
9.e4 Qe7 10.Be2 Bd7 11.Qd3 Bc6 12.Nd5 Bxd5 13.exd5 O-O-O 14.g3 h5 15.Kf1 Re8
16.h4 Qd7 17.Bf3 Ne7 18.Ne2 Nf5 19.Kf2 g6 20.Bd2 Bg7 21.b4 cxb4 22.Rab1 Qc7
23.Bxb4 Re3 24.Qd2 Rhe8 25.Rhe1 Kb8 26.Rbc1 a5 27.Bxa5 Qc5 28.Kg2 Rxf3 29.Kxf3 Ne4  0-1

[Event "Breizh Masters B"]
[Site "Guingamp FRA"]
[Date "2008.02.28"]
[Round "7"]
[White "Koziak,V"]
[Black "Aurel,L"]
[Result "1-0"]
[WhiteElo "2481"]
[BlackElo "2148"]

1.d4 Nf6 2.c4 Nc6 3.Nf3 e6 4.g3 Bb4+ 5.Bd2 Qe7 6.Nc3 Bxc3 7.Bxc3 Ne4 8.Qc2 Nxc3
9.Qxc3 Qb4 10.Rc1 Qxc3+ 11.Rxc3 d6 12.d5 Nd8 13.Bg2 e5 14.c5 f6 15.cxd6 cxd6
16.Rc7 Bd7 17.O-O Rb8 18.Nd2 Nf7 19.f4 Kd8 20.Rfc1 Re8 21.Kf2 Re7 22.Nb3 Ke8
23.Na5 Nh8 24.Nc4 Nf7 25.fxe5 fxe5 26.Na5 Nh8 27.e4 Rf7+ 28.Ke3 g5 29.Bf3 g4
30.Be2 h5 31.R1c3 h4 32.gxh4 Rh7 33.Bxg4 Re7 34.Bh5+  1-0

[Event "TCh-BEL 2007-8"]
[Site "Belgium BEL"]
[Date "2008.03.06"]
[Round "11"]
[White "Van der Stricht,G"]
[Black "Hausrath,D"]
[Result "1/2-1/2"]
[WhiteElo "2424"]
[BlackElo "2507"]

1.d4 Nf6 2.c4 Nc6 3.Nf3 e6 4.g3 d5 5.Bg2 dxc4 6.O-O Rb8 7.e3 Be7 8.Nfd2 e5
9.Bxc6+ bxc6 10.dxe5 Ng4 11.Nxc4 Be6 12.Qxd8+ Rxd8 13.Nbd2 Bb4 14.e4 Bxd2
15.Nxd2 Nxe5 16.f4 Nd3 17.f5 Nxc1 18.Raxc1 Bxf5 19.exf5 Rxd2 20.Rxc6 Kd7
21.Rfc1  1/2-1/2

[Event "12th Neckar Open A"]
[Site "Deizisau GER"]
[Date "2008.03.21"]
[Round "2"]
[White "Englmeier,H"]
[Black "Chernov,Va"]
[Result "0-1"]
[WhiteElo "2230"]
[BlackElo "2505"]

1.d4 Nf6 2.c4 Nc6 3.Nf3 e6 4.g3 Bb4+ 5.Bd2 Qe7 6.Bg2 Bxd2+ 7.Nbxd2 d6 8.O-O a5
9.Rc1 O-O 10.e3 e5 11.d5 Nb4 12.a3 Na6 13.Qc2 Bd7 14.Nh4 a4 15.e4 Nc5 16.f4 exf4
17.Rxf4 Ng4 18.Re1 g6 19.Ndf3 Rae8 20.Qd2 Ne5 21.Nxe5 Qxe5 22.Nf3 Qg7 23.Nd4 f5
24.Ne6 Bxe6 25.dxe6 Nxe6 26.Rff1 fxe4 27.Rxf8+ Rxf8 28.Qd5 Qd4+ 29.Qxd4 Nxd4
30.Rxe4 Nf5 31.c5 dxc5 32.Rxa4 c6 33.Rc4 Rd8 34.Rc2 Rd1+ 35.Kf2 Rb1 36.Rd2 Nd4
37.h3 Kf7 38.Bf1 b5 39.Bg2 Ke6 40.Bf1 Kd5 41.h4 c4 42.Bg2+ Kc5 43.g4 Rc1
44.g5 c3 45.bxc3 Rxc3 46.h5 gxh5 47.Be4 Ne6 48.g6 hxg6 49.Bxg6 h4  0-1

[Event "12th Neckar Open A"]
[Site "Deizisau GER"]
[Date "2008.03.24"]
[Round "9"]
[White "Chatalbashev,B"]
[Black "Vocaturo,D"]
[Result "1-0"]
[WhiteElo "2585"]
[BlackElo "2415"]

1.d4 Nf6 2.c4 Nc6 3.Nf3 e6 4.Nc3 Bb4 5.Qc2 d6 6.g4 Nxg4 7.Rg1 e5 8.d5 Bxc3+
9.Qxc3 Nd4 10.Nxd4 exd4 11.Qxd4 Ne5 12.Be3 Rg8 13.Qe4 g6 14.Bd4 Qe7 15.f4 f5
16.Qe3 Ng4 17.Qxe7+ Kxe7 18.O-O-O Bd7 19.Bg2 Rae8 20.Rd3 Rgf8 21.h3 Nf6 22.Bf3 Ne4
23.h4 c5 24.dxc6 Bxc6 25.h5 Kf7 26.Bxa7 Ra8 27.Be3 Rxa2 28.hxg6+ hxg6 29.Bxe4 Bxe4
30.Rxd6 Ra1+ 31.Kd2 Rxg1 32.Bxg1 Re8 33.Bc5 Re6 34.Rd7+ Ke8 35.Rd4 Bc6 36.e3 Re4
37.Bb6 Rxd4+ 38.exd4 Bg2 39.Kc3 Kd7 40.d5 Bf1 41.Kd4 Be2 42.b4 Bf1 43.Ba7 Be2
44.Bb8 Bf1 45.Be5 Be2 46.b5 Bf1 47.b6 Kc8 48.Bf6 Be2 49.c5 Bf1 50.Ke5 Be2
51.Be7 Bc4 52.c6 Bb5 53.Bc5 Ba4 54.Kf6 Bb5 55.Ke7 Ba4 56.cxb7+  1-0

[Event "IX Dos Hermanas Internet"]
[Site "ICC INT"]
[Date "2008.04.04"]
[Round "1.1"]
[White "Melkumyan,H"]
[Black "Bachmann,Ax"]
[Result "1/2-1/2"]
[WhiteElo "2534"]
[BlackElo "2519"]

1.d4 Nf6 2.c4 Nc6 3.Nf3 e6 4.g3 Bb4+ 5.Bd2 Qe7 6.Bg2 O-O 7.O-O Bxd2 8.Qxd2 d6
9.Nc3 e5 10.e3 Bg4 11.h3 Bh5 12.d5 Nb8 13.e4 Bg6 14.Ne1 Nbd7 15.Nd3 Ne8 16.Rae1 f5
17.exf5 Bxf5 18.f4 Bxd3 19.Qxd3 Nef6 20.Re2 Rae8 21.Ne4 Nxe4 22.Bxe4 g6 23.Bf3 Qg7
24.Bg4 Nc5 25.Qe3 a5 26.Rfe1 Re7 27.Qc3 Rfe8 28.Qxa5 h5 29.Be6+ Nxe6 30.dxe6 exf4
31.gxf4 Qd4+ 32.Kg2 Qxf4 33.Qd5 c6 34.Qe4 Qg5+ 35.Kh1 Qf6 36.b3 Rf8 37.Rg1 Kh7
38.Rge1 Qf5 39.Qxf5 Rxf5 40.Rd2 d5 41.cxd5 cxd5 42.Red1 Rxe6 43.Rxd5 Rxd5
44.Rxd5 Re1+ 45.Kg2 Re2+ 46.Kg3  1/2-1/2

[Event "6th V.Nabokov Mem"]
[Site "Kyiv UKR"]
[Date "2008.04.04"]
[Round "1"]
[White "Golichenko,I"]
[Black "Soltanici,R"]
[Result "1-0"]
[WhiteElo "2353"]
[BlackElo "2395"]

1.d4 Nf6 2.c4 Nc6 3.Nf3 e6 4.d5 Ne7 5.Nc3 Ng6 6.a3 e5 7.e4 a5 8.h3 Bc5 9.Bd3 d6
10.O-O Nh5 11.Re1 Nhf4 12.Bf1 O-O 13.Be3 b6 14.Bxf4 Nxf4 15.Rb1 b5 16.b4 axb4
17.axb4 Bb6 18.Nxb5 Ra2 19.c5 dxc5 20.Nc3 Ra3 21.Na4 Qf6 22.bxc5 Ba7 23.Re3 Ra2
24.Qb3 Rxa4 25.Qxa4 Bxc5 26.Rc3 Bd6 27.Kh2 Qh6 28.Rb8  1-0

[Event "TCh-RUS Major League"]
[Site "Dagomys RUS"]
[Date "2008.04.07"]
[Round "5"]
[White "Dashibalov,E"]
[Black "Pridorozhni,A"]
[Result "0-1"]
[WhiteElo "2403"]
[BlackElo "2510"]

1.d4 Nf6 2.c4 Nc6 3.Nf3 e6 4.Nc3 d5 5.Bg5 Be7 6.e3 O-O 7.a3 Nd7 8.Bxe7 Nxe7
9.cxd5 Nxd5 10.Nxd5 exd5 11.Be2 Nb6 12.O-O Bg4 13.Qc2 c6 14.b4 Bxf3 15.Bxf3 Nc4
16.a4 a6 17.e4 Qd6 18.Qc3 Rad8 19.e5 Qh6 20.Rfe1 f6 21.e6 Rfe8 22.b5 axb5
23.axb5 f5 24.bxc6 bxc6 25.Be2 Qd2 26.Qxd2 Nxd2 27.Bd3 g6 28.Ra3 Ne4 29.f3 Ng5
30.Ra7 Nxe6 31.Rb1 Rb8 32.Rxb8 Rxb8 33.Ra4 Kf8 34.g3 Rb2 35.Ba6 Rd2 36.Bf1 Nxd4
37.Bg2 Ke7 38.Ra7+ Kd6 39.Rxh7 c5 40.Rh6 c4 41.Rxg6+ Kc5 42.Rg8 c3 43.Rc8+ Nc6  0-1

[Event "IX EICC"]
[Site "Plovdiv BUL"]
[Date "2008.04.21"]
[Round "1"]
[White "Bocharov,D"]
[Black "Kotrotsos,V"]
[Result "1-0"]
[WhiteElo "2569"]
[BlackElo "2323"]

1.d4 Nf6 2.c4 Nc6 3.Nf3 e6 4.a3 d6 5.Nc3 g6 6.g3 Bg7 7.Bg2 O-O 8.O-O Re8
9.d5 Ne7 10.e4 exd5 11.exd5 c6 12.h3 cxd5 13.cxd5 Qa5 14.b4 Qa6 15.Bb2 Bd7
16.Qb3 Rac8 17.Rac1 Qd3 18.Ne1 Qf5 19.g4 Qf4 20.Nd3 Qh6 21.Qd1 Qh4 22.Ne1 Bxg4
23.hxg4 Nxg4 24.Nf3 Qh5 25.Rc2 Nf5 26.Qd3 Bd4 27.Rfc1 Re5 28.Ne4 Rxc2 29.Rxc2 Rxe4
30.Qxe4  1-0

[Event "IX EICC"]
[Site "Plovdiv BUL"]
[Date "2008.04.27"]
[Round "7"]
[White "Vasilev,M"]
[Black "Miton,K"]
[Result "1/2-1/2"]
[WhiteElo "2469"]
[BlackElo "2620"]

1.d4 Nf6 2.c4 Nc6 3.Nf3 e6 4.Nc3 Bb4 5.Qc2 d6 6.Bg5 h6 7.Bd2 O-O 8.a3 Bxc3
9.Bxc3 Qe7 10.e3 e5 11.d5 Nd8 12.Be2 Nh7 13.h3 f5 14.O-O-O Nf7 15.Rdg1 Bd7
16.Nd2 c6 17.g4 cxd5 18.cxd5 Nf6 19.Qd3 fxg4 20.hxg4 e4 21.Qd4 Ng5 22.f4 exf3
23.Nxf3 Nfe4 24.Nxg5 Nxc3 25.bxc3 Qxg5 26.Rh5 Qf6 27.Qxf6 Rxf6 28.g5 Rg6
29.Bd3 Rxg5 30.Rhxg5 hxg5 31.Rxg5 Rf8  1/2-1/2

[Event "IX EICC"]
[Site "Plovdiv BUL"]
[Date "2008.04.30"]
[Round "9"]
[White "Petkov,V"]
[Black "Kotrotsos,V"]
[Result "1-0"]
[WhiteElo "2415"]
[BlackElo "2323"]

1.d4 Nf6 2.c4 Nc6 3.Nf3 e6 4.Nc3 Bb4 5.Qc2 d6 6.a3 Bxc3+ 7.Qxc3 a5 8.b3 O-O
9.g3 Qe7 10.Bb2 Re8 11.Bg2 e5 12.dxe5 dxe5 13.O-O Ne4 14.Qe3 Nc5 15.Rad1 Bg4
16.Rd5 Nd7 17.h3 Bh5 18.Nh4 Rad8 19.Rb5 a4 20.Rxb7 Na5 21.Rxc7 Nxb3 22.Rd1 Qe6
23.Rc6 Qe7 24.Nf5 Qf8 25.Rcd6  1-0

[Event "26th Liechtenstein Open"]
[Site "Triesen LIE"]
[Date "2008.04.30"]
[Round "6"]
[White "Johnsen,G"]
[Black "Mannhart,M"]
[Result "1-0"]
[WhiteElo "2186"]
[BlackElo "2205"]

1.d4 Nf6 2.c4 Nc6 3.Nf3 e6 4.g3 Bb4+ 5.Bd2 Bxd2+ 6.Nbxd2 O-O 7.Bg2 d6 8.O-O e5
9.d5 Ne7 10.e4 Nd7 11.Ne1 f5 12.exf5 Nxf5 13.Nd3 a5 14.Ne4 b6 15.b4 axb4
16.Nxb4 h6 17.Nc6 Qe8 18.a4 Nf6 19.Nc3 Bd7 20.Nb5 Bxc6 21.dxc6 Qd8 22.a5 Rxa5
23.Rxa5 bxa5 24.Qa4 Kh8 25.Qxa5 Ne8 26.Ra1 Qe7 27.Qe1 g6 28.Ra7 Rf7 29.Bd5 Rg7
30.Ra8 Kh7 31.Rc8 h5 32.f3 Kh6 33.Qa1 Nd4 34.Qc1+ Kh7 35.Qe3 Nf6 36.Rxc7 Qxc7
37.Nxc7 Rxc7 38.Qa3 Ne8 39.Qa8 Re7 40.Qd8 Nf5 41.g4  1-0